000 00922nam a2200241Ia 4500
003 GCL
008 140319s9999 xx 000 0 ara d
020 _a9019715977
040 _aGCL /
_cGCL
082 0 4 _a801.952
_bع ع
100 1 _aعبداللطيف محمد السيدالحديدى
245 1 0 _aالعمل المسرحى :
_bفى ضوء الدراسات النقدية /
_cعبداللطيف محمد السيدالحديدى
250 _aالاولى
260 _aالقاهرة :
_bدار المعرفة للطباعة والتجليد ،
_c1996
300 _a330 ص ؛
_c23سم
490 _aالهيئة العامة للاستعلامات
_v0
650 0 4 _aالادب العربى
650 0 4 _aالمسرحيات
650 0 4 _aالادب العربى - تاريخ
650 0 4 _aالادب العربى - تاريخ ونقد
650 0 4 _aالمسرح - تاريخ ونقد
942 _2ddc
_cBK
999 _c49177
_d49177